| 000 | 00948cam a22002653a 4500 | ||
|---|---|---|---|
| 001 | 30576 | ||
| 003 | PGUSA | ||
| 005 | 20140828083648.0 | ||
| 008 | 091202s2009||||xxu|||||s|||||000 | eng d | ||
| 040 |
_aPGUSA _beng |
||
| 042 | _adc | ||
| 050 | 4 | _aE300 | |
| 100 | 1 | _aUnited States. Work Projects Administration | |
| 245 | 1 | 0 |
_aSlave Narratives : _ba Folk History of Slavery in the United States From Interviews with Former Slaves : Texas Narratives, Part 1 _h[electronic resource] / _cUnited States. Work Projects Administration |
| 260 |
_bProject Gutenberg, _c2009 |
||
| 506 | _aPublic domain in the USA. | ||
| 516 | _aElectronic text | ||
| 653 | _aAfrican Americans -- Texas -- History -- Sources | ||
| 653 | _aTexas -- Biography | ||
| 653 | _aAfrican Americans -- Texas -- Interviews | ||
| 653 | _aSlaves -- Texas -- Biography | ||
| 830 | 0 |
_aProject Gutenberg _v30576 |
|
| 856 | 4 | 0 | _uhttp://www.gutenberg.org/ebooks/30576 |
| 942 | _cEB | ||
| 999 |
_c259831 _d259831 |
||